| 000 | 00674aam a2200253 4500 | ||
|---|---|---|---|
| 005 | 20161013181711.0 | ||
| 008 | 150630b xxu||||| |||| 00| 0 spa d | ||
| 041 | _aEspañol | ||
| 082 | _a1.1.8 A327c | ||
| 100 |
_aAlvaréz Masís, Yanory _912929 |
||
| 245 | _aCocina tradicional costarricense | ||
| 260 | _aCosta Rica | ||
| 260 | _bImprenta Nacional | ||
| 260 | _c2007 | ||
| 300 | _a172 páginas | ||
| 650 |
_aCOCINA COSTARRICENSE _93115 |
||
| 650 |
_aCOCINA HEREDIANA _924026 |
||
| 650 |
_aCOCINA LIMONENSE _922515 |
||
| 650 |
_aCOMIDAS TRADICIONALES _924032 |
||
| 650 |
_aPANES _926953 |
||
| 650 |
_aPOSTRES _91710 |
||
| 650 |
_aBEBIDAS _91735 |
||
| 942 | _cBK | ||
| 999 |
_c1531 _d1531 |
||